00686nam a2200169 a 450000100100000000500170001000800410002704000250006810000560009324500300014926000360017930000210021559000760023604900090031295201780032199900170049900003542720200930074332.0111031s1951 xxu 000 0 spa d aDO-SdBNPbspacBNPHU1 aSalinger, J. D.q(Jerome David),d1919-2010.96126210aThe catcher in the rye /. aBoston :bLittle, Brown,c1951. a277 p. ;c21 cm. aPerteneció a la biblioteca personal de Juan Isidro Jimenes Grullón. aBNPD 001050718RVaGRbGRcCTd2011-10-31iLF1l0o p35427-10r2020-06-25w2020-06-25y1zPerteneció a la biblioteca personal de Juan Isidro Jimenes Grullón.ZNo se presta c34918d34918